000
00298nam 22001453 4500
001
192227
010
_a
978-972-37-1786-0
021
_a
PT
_b
380004/14
090
_a
192227
100
_a
20241025d u||y0pory50 ba
101
_a
por
102
_a
PT
200
_a
Bach
801
_a
PT
_b
BMMN
_g
RPC
990
_c
LIVROS